| 000 | 00336cam a22001097a 4500 | ||
|---|---|---|---|
| 008 | 180718b1962 xxu||||| |||| 00| 0 eng d | ||
| 082 | _aC41 Un3s | ||
| 100 | _aSanta Cruz, Hernam | ||
| 245 |
_aStudy of discrimination in the matter of political rights _cby Hernam Santa Cruz |
||
| 260 |
_aNew Delhi _bUnited Nations _c1962 |
||
| 300 | _a105+p. | ||
| 999 |
_c490474 _d490474 |
||